| Поле | Инд. | ПП | Название | Значение |
|---|---|---|---|---|
| Тип записи | a | |||
| Библиографический уровень | b | |||
| 001 | Контрольный номер | RU/IS/BASE/141920466 | ||
| 005 | Дата корректировки | 20200924115405.2 | ||
| 084 | a | Индекс другой классификации/Индекс ББК | 60.001(2Рос)6 | |
| a | Индекс другой классификации/Индекс ББК | 60.033.151 | ||
| a | Индекс другой классификации/Индекс ББК | 63.3(2)-02 | ||
| 100 | 1_ | a | Автор | Иванов В. Н. |
| q | Полное имя | Иванов Всеволод Никанорович | ||
| 245 | a | Заглавие | Мы. Культурно-исторические основы русской государственности | |
| p | Название части/ раздела | Глава 10: Движение на Восток; Глава 11: Движение на Запад | ||
| c | Ответственность | предисловие В. Я. Пащенко | ||
| 504 | a | Библиография | Библиогр. ссылки | |
| 600 | a | Персоналии | Иванов Всеволод Никанорович | |
| 650 | a | Основная рубрика | история | |
| a | Основная рубрика | история философии | ||
| a | Основная рубрика | социальная философия | ||
| a | Основная рубрика | философия | ||
| a | Основная рубрика | философия истории | ||
| 653 | a | Ключевые слова | XX век | |
| a | Ключевые слова | вестернизация | ||
| a | Ключевые слова | Восток | ||
| a | Ключевые слова | государство | ||
| a | Ключевые слова | евразийская геополитика | ||
| a | Ключевые слова | евразийская философия | ||
| a | Ключевые слова | Запад | ||
| a | Ключевые слова | история социальной философии | ||
| a | Ключевые слова | культурно-историческое развитие | ||
| a | Ключевые слова | менталитет | ||
| a | Ключевые слова | национальное самосознание | ||
| a | Ключевые слова | происхождение государства | ||
| a | Ключевые слова | Россия | ||
| a | Ключевые слова | русское государство | ||
| a | Ключевые слова | цивилизационное взаимодействие | ||
| 700 | a | Автор | Пащенко В. Я. | |
| e | Роль лиц | автор предисловия | ||
| 773 | t | Заглавие источника | Вестник Московского университета. Серия 18, Социология и политология | |
| d | Дата издания источника | 2002 | ||
| g | Прочая информация | № 2. - С. 99 - 141 | ||
| w | Контрольный № источника | RU/IS/BASE/148577961 | ||
| 901 | t | Тип документа | b |